| 000 | 01228nam a2200385 c 4500 | ||
|---|---|---|---|
| 001 | 13551 | ||
| 003 | ES-MaCES | ||
| 005 | 20190720040005.0 | ||
| 008 | 020411s2001 sp l 000 | spa d | ||
| 017 |
_aNA 2315-2001 _bDL |
||
| 020 | _a8484108422 | ||
| 035 | _aCES20020005364m | ||
| 040 |
_aES-MaCES _bspa _cES-MaCES |
||
| 100 | 1 |
_aJordá Capitán, Eva _915523 |
|
| 245 | 1 | 3 |
_aEl derecho a un medio ambiente adecuado _cEva Jordá Capitán |
| 260 |
_aElcano (Navarra) _bAranzadi _c[2001] |
||
| 300 |
_a452 p. _c24 cm |
||
| 490 | 1 |
_aMonografías Aranzadi _v196. Derecho constitucional |
|
| 500 | _aÍndices | ||
| 504 | _aBibliografía: p. 439-452 | ||
| 541 | _cCompra | ||
| 650 | 4 |
_aprotección ambiental _929423 |
|
| 650 | 4 |
_aderecho medioambiental _930801 |
|
| 650 | 4 |
_aderecho constitucional _927158 |
|
| 650 | 4 |
_aderecho civil _927156 |
|
| 650 | 4 |
_aEspaña _926964 |
|
| 650 | 4 |
_arégimen jurídico _929894 |
|
| 653 | 1 | 0 | _aDerecho medioambiental |
| 650 | 4 |
_928715 _amedio ambiente |
|
| 830 | 0 |
_aMonografías Aranzadi _v196 _932673 |
|
| 830 | 0 |
_aMonografías Aranzadi _pDerecho constitucional _933712 |
|
| 902 | _aLIB Libro | ||
| 942 |
_2CES _cBK _h6.0.4. |
||
| 999 |
_c13551 _d13551 |
||